Cristóbal Colón gracias a su muerte, descubrió un nuevo mundo /

Gespeichert in:
Bibliographische Detailangaben
1. Verfasser: Rodgers Cajar, Carlos Ángel
Format: Buch
Sprache:Spanish
Tags: Tag hinzufügen
Keine Tags, Fügen Sie den ersten Tag hinzu!

MARC

LEADER 00000nam a22000007a 4500
003 cru CIDCACS/IIS
005 20170519134508.0
007 ta
008 170519s2016 pn ||||| |||| 00| 0 spa d
040 |c cru CIDCACS/IIS 
100 1 |9 4829  |a Rodgers Cajar, Carlos Ángel 
245 1 |a Cristóbal Colón gracias a su muerte, descubrió un nuevo mundo /  |c Carlos Ángel Rodgers Cajar 
300 |a páginas 6-14:  |b ilustraciones 
773 0 |0 19259  |9 895  |a Desarrollo Social y Cultural (Panamá)  |d Panamá: Lotería Nacional de Beneficencia  |o 19299  |t Lotería:  |x 0024662X 
942 |2 ddc  |c PP 
999 |c 19349  |d 19349